[Event "Deutscher Mix-Teampokal U12 2025"]
[Site "Bad Homburg GER"]
[Date "2025.07.19"]
[Round "1"]
[White "Chupikov, Mark"]
[Black "Werner, Aleksandra"]
[Result "1-0"]
[Termination "normal"]
[Board "5.2"]
[WhiteElo "1409"]
[BlackElo "816"]
[WhiteClock "00:45:55"]
[BlackClock "00:36:04"]
[WhiteTeam "SC Zitadelle Spandau 1977"]
[BlackTeam "SC Pirmasens 1912"]
[PlyCount "91"]
[WhiteFideId "34680721"]
[BlackFideId "533050740"]
[EventCountry "GER"]
[EventRounds "5"]
[EventType "team-swiss"]
[EventDate "2025.07.18"]

1. d4 {[%clk 00:55:08]} {[%emt 00:00:01]} d5 {[%clk 00:55:08]} {[%emt
00:00:01]} 2. Nf3 {[%clk 00:55:07]} {[%emt 00:00:07]} Nf6 {[%clk 00:54:22]}
{[%emt 00:00:51]} 3. Bf4 {[%clk 00:55:05]} {[%emt 00:00:06]} Bf5 {[%clk
00:53:55]} {[%emt 00:00:34]} 4. e3 {[%clk 00:54:47]} {[%emt 00:00:22]} a6
{[%clk 00:53:25]} {[%emt 00:00:36]} 5. c4 {[%clk 00:54:38]} {[%emt 00:00:13]}
e6 {[%clk 00:52:46]} {[%emt 00:00:45]} 6. Nc3 {[%clk 00:54:25]} {[%emt
00:00:16]} Nc6 {[%clk 00:51:48]} {[%emt 00:01:04]} 7. cxd5 {[%clk 00:53:51]}
{[%emt 00:00:38]} exd5 {[%clk 00:51:39]} {[%emt 00:00:14]} 8. Ne5 {[%clk
00:53:38]} {[%emt 00:00:18]} Qe7 {[%clk 00:50:52]} {[%emt 00:00:53]} 9. Nxc6
{[%clk 00:53:30]} {[%emt 00:00:13]} bxc6 {[%clk 00:50:38]} {[%emt 00:00:19]}
10. Bd3 {[%clk 00:53:25]} {[%emt 00:00:11]} Ne4 {[%clk 00:50:05]} {[%emt
00:00:37]} 11. Qa4 {[%clk 00:52:55]} {[%emt 00:00:34]} Qd7 {[%clk 00:49:25]}
{[%emt 00:00:45]} 12. Nxe4 {[%clk 00:52:18]} {[%emt 00:00:42]} Bxe4 {[%clk
00:48:20]} {[%emt 00:01:11]} 13. Bxe4 {[%clk 00:52:07]} {[%emt 00:00:16]} dxe4
{[%clk 00:48:17]} {[%emt 00:00:09]} 14. Rc1 {[%clk 00:51:57]} {[%emt 00:00:13]}
c5 {[%clk 00:46:20]} {[%emt 00:02:03]} 15. Qxd7+ {[%clk 00:51:48]} {[%emt
00:00:14]} Kxd7 {[%clk 00:46:16]} {[%emt 00:00:09]} 16. dxc5 {[%clk 00:51:46]}
{[%emt 00:00:07]} c6 {[%clk 00:44:13]} {[%emt 00:02:07]} 17. Ke2 {[%clk
00:51:26]} {[%emt 00:00:25]} Rc8 {[%clk 00:43:51]} {[%emt 00:00:25]} 18. Rhd1+
{[%clk 00:51:23]} {[%emt 00:00:09]} Ke8 {[%clk 00:43:39]} {[%emt 00:00:18]} 19.
Rd4 {[%clk 00:51:17]} {[%emt 00:00:11]} f5 {[%clk 00:42:57]} {[%emt 00:00:48]}
20. b4 {[%clk 00:51:06]} {[%emt 00:00:16]} Be7 {[%clk 00:41:15]} {[%emt
00:01:47]} 21. Rcd1 {[%clk 00:50:59]} {[%emt 00:00:11]} g5 {[%clk 00:40:49]}
{[%emt 00:00:31]} 22. Be5 {[%clk 00:50:52]} {[%emt 00:00:12]} Rf8 {[%clk
00:40:26]} {[%emt 00:00:28]} 23. g4 {[%clk 00:50:04]} {[%emt 00:00:55]} Bf6
{[%clk 00:39:57]} {[%emt 00:00:33]} 24. Bxf6 {[%clk 00:49:53]} {[%emt
00:00:16]} Rxf6 {[%clk 00:39:53]} {[%emt 00:00:09]} 25. gxf5 {[%clk 00:49:54]}
{[%emt 00:00:04]} Rxf5 {[%clk 00:39:21]} {[%emt 00:00:37]} 26. Rxe4+ {[%clk
00:49:51]} {[%emt 00:00:08]} Kf7 {[%clk 00:39:06]} {[%emt 00:00:20]} 27. Rd7+
{[%clk 00:49:12]} {[%emt 00:00:44]} Kg6 {[%clk 00:38:55]} {[%emt 00:00:16]} 28.
Re6+ {[%clk 00:48:59]} {[%emt 00:00:17]} Rf6 {[%clk 00:38:32]} {[%emt
00:00:29]} 29. Rxf6+ {[%clk 00:48:30]} {[%emt 00:00:34]} Kxf6 {[%clk 00:38:30]}
{[%emt 00:00:07]} 30. Rxh7 {[%clk 00:48:31]} {[%emt 00:00:04]} Kg6 {[%clk
00:38:20]} {[%emt 00:00:15]} 31. Ra7 {[%clk 00:48:27]} {[%emt 00:00:10]} Rf8
{[%clk 00:37:29]} {[%emt 00:00:55]} 32. Rxa6 {[%clk 00:48:14]} {[%emt
00:00:19]} Rf6 {[%clk 00:37:26]} {[%emt 00:00:06]} 33. b5 {[%clk 00:48:11]}
{[%emt 00:00:09]} cxb5 {[%clk 00:37:22]} {[%emt 00:00:09]} 34. Rxf6+ {[%clk
00:48:10]} {[%emt 00:00:07]} Kxf6 {[%clk 00:37:20]} {[%emt 00:00:07]} 35. Kd3
{[%clk 00:48:08]} {[%emt 00:00:06]} Ke6 {[%clk 00:37:18]} {[%emt 00:00:07]} 36.
f4 {[%clk 00:47:40]} {[%emt 00:00:34]} gxf4 {[%clk 00:37:12]} {[%emt 00:00:11]}
37. exf4 {[%clk 00:47:33]} {[%emt 00:00:11]} Kd5 {[%clk 00:37:11]} {[%emt
00:00:06]} 38. h4 {[%clk 00:47:32]} {[%emt 00:00:06]} Kxc5 {[%clk 00:37:10]}
{[%emt 00:00:07]} 39. h5 {[%clk 00:47:15]} {[%emt 00:00:21]} Kb4 {[%clk
00:36:45]} {[%emt 00:00:30]} 40. h6 {[%clk 00:47:10]} {[%emt 00:00:10]} Ka3
{[%clk 00:36:44]} {[%emt 00:00:06]} 41. h7 {[%clk 00:47:07]} {[%emt 00:00:08]}
Kxa2 {[%clk 00:36:41]} {[%emt 00:00:07]} 42. h8=Q {[%clk 00:47:06]} {[%emt
00:00:08]} b4 {[%clk 00:36:29]} {[%emt 00:00:16]} 43. Kc2 {[%clk 00:46:24]}
{[%emt 00:00:45]} b3 {[%clk 00:36:20]} {[%emt 00:00:17]} 44. Kc1 {[%clk
00:46:18]} {[%emt 00:00:10]} Ka3 {[%clk 00:36:08]} {[%emt 00:00:17]} 45. f5
{[%clk 00:46:08]} {[%emt 00:00:14]} Ka2 {[%clk 00:36:04]} {[%emt 00:00:10]} 46.
Qb2# {[%clk 00:45:55]} {[%emt 00:00:18]} 1-0

[Event "Deutscher Mix-Teampokal U12 2025"]
[Site "Bad Homburg GER"]
[Date "2025.07.19"]
[Round "1"]
[White "Manukyan, Svetlana"]
[Black "Chupikov, Oleksii junior"]
[Result "0-1"]
[Termination "normal"]
[Board "5.3"]
[WhiteElo "757"]
[BlackElo "1600"]
[WhiteClock "00:00:12"]
[BlackClock "00:19:06"]
[WhiteTeam "SC Pirmasens 1912"]
[BlackTeam "SC Zitadelle Spandau 1977"]
[PlyCount "66"]
[WhiteFideId "533050759"]
[BlackFideId "533004943"]
[EventCountry "GER"]
[EventRounds "5"]
[EventType "team-swiss"]
[EventDate "2025.07.18"]

1. e4 {[%clk 00:55:08]} {[%emt 00:00:01]} e5 {[%clk 00:55:06]} {[%emt
00:00:04]} 2. Nf3 {[%clk 00:55:03]} {[%emt 00:00:11]} Nc6 {[%clk 00:55:07]}
{[%emt 00:00:04]} 3. Nc3 {[%clk 00:54:43]} {[%emt 00:00:25]} Nf6 {[%clk
00:55:04]} {[%emt 00:00:08]} 4. d4 {[%clk 00:54:21]} {[%emt 00:00:26]} exd4
{[%clk 00:53:41]} {[%emt 00:01:29]} 5. Nxd4 {[%clk 00:54:07]} {[%emt 00:00:18]}
Nxd4 {[%clk 00:52:47]} {[%emt 00:01:00]} 6. Qxd4 {[%clk 00:53:38]} {[%emt
00:00:33]} d6 {[%clk 00:52:37]} {[%emt 00:00:16]} 7. Bc4 {[%clk 00:51:16]}
{[%emt 00:02:26]} Be6 {[%clk 00:52:20]} {[%emt 00:00:22]} 8. Nd5 {[%clk
00:48:59]} {[%emt 00:02:22]} Be7 {[%clk 00:50:24]} {[%emt 00:02:02]} 9. Bf4
{[%emt 00:09:55]} c6 {[%clk 00:46:25]} {[%emt 00:00:01]} 10. Nxe7 {[%clk
00:40:34]} {[%emt 00:02:42]} Qxe7 {[%clk 00:44:00]} {[%emt 00:02:31]} 11. Bd3
{[%clk 00:36:22]} {[%emt 00:04:17]} d5 {[%clk 00:38:24]} {[%emt 00:05:41]} 12.
e5 {[%clk 00:33:44]} {[%emt 00:02:42]} Nd7 {[%clk 00:37:01]} {[%emt 00:01:27]}
13. b4 {[%clk 00:31:32]} {[%emt 00:02:18]} c5 {[%clk 00:33:08]} {[%emt
00:03:58]} 14. bxc5 {[%clk 00:29:58]} {[%emt 00:01:39]} Qxc5 {[%clk 00:33:01]}
{[%emt 00:00:12]} 15. Qxc5 {[%clk 00:29:01]} {[%emt 00:01:02]} Nxc5 {[%clk
00:33:01]} {[%emt 00:00:06]} 16. Bb5+ {[%clk 00:28:19]} {[%emt 00:00:46]} Bd7
{[%clk 00:32:09]} {[%emt 00:00:57]} 17. Bxd7+ {[%clk 00:25:28]} {[%emt
00:02:56]} Kxd7 {[%clk 00:32:01]} {[%emt 00:00:13]} 18. f3 {[%clk 00:24:13]}
{[%emt 00:01:20]} Rhe8 {[%clk 00:31:35]} {[%emt 00:00:29]} 19. O-O-O {[%clk
00:23:14]} {[%emt 00:01:06]} Kc6 {[%clk 00:30:26]} {[%emt 00:01:13]} 20. Rhe1
{[%clk 00:21:08]} {[%emt 00:02:12]} Rad8 {[%clk 00:27:36]} {[%emt 00:02:48]}
21. Bg5 {[%clk 00:15:08]} {[%emt 00:06:12]} Rd7 {[%clk 00:25:15]} {[%emt
00:02:24]} 22. h4 {[%clk 00:12:50]} {[%emt 00:02:25]} h6 {[%clk 00:25:01]}
{[%emt 00:00:20]} 23. Bf4 {[%clk 00:11:13]} {[%emt 00:01:42]} Rde7 {[%clk
00:24:45]} {[%emt 00:00:18]} 24. Rd2 {[%clk 00:07:10]} {[%emt 00:04:11]} f6
{[%clk 00:23:24]} {[%emt 00:01:26]} 25. Rde2 {[%clk 00:04:46]} {[%emt
00:02:29]} Nd7 {[%clk 00:21:51]} {[%emt 00:01:38]} 26. e6 {[%clk 00:03:55]}
{[%emt 00:00:55]} Nc5 {[%clk 00:21:20]} {[%emt 00:00:35]} 27. Bd2 {[%clk
00:03:11]} {[%emt 00:00:50]} Rxe6 {[%clk 00:20:52]} {[%emt 00:00:33]} 28. Rxe6+
{[%clk 00:02:10]} {[%emt 00:01:06]} Rxe6 {[%clk 00:20:53]} {[%emt 00:00:05]}
29. Rxe6+ {[%clk 00:02:11]} {[%emt 00:00:04]} Nxe6 {[%clk 00:20:54]} {[%emt
00:00:04]} 30. g4 {[%clk 00:02:05]} {[%emt 00:00:10]} g5 {[%clk 00:19:56]}
{[%emt 00:01:03]} 31. h5 {[%clk 00:00:43]} {[%emt 00:01:27]} Kb5 {[%clk
00:19:39]} {[%emt 00:00:22]} 32. Kd1 {[%clk 00:00:21]} {[%emt 00:00:27]} Kc4
{[%clk 00:19:23]} {[%emt 00:00:17]} 33. Ke2 {[%clk 00:00:12]} {[%emt 00:00:18]}
d4 {[%clk 00:19:06]} {[%emt 00:00:22]} 0-1

[Event "Deutscher Mix-Teampokal U12 2025"]
[Site "Bad Homburg GER"]
[Date "2025.07.19"]
[Round "1"]
[White "Konatham, Kundana Sree"]
[Black "Manukyan, Erik"]
[Result "1-0"]
[Termination "normal"]
[Board "5.4"]
[WhiteElo "1037"]
[BlackElo "754"]
[WhiteClock "00:10:28"]
[BlackClock "00:36:09"]
[WhiteTeam "SC Zitadelle Spandau 1977"]
[BlackTeam "SC Pirmasens 1912"]
[PlyCount "75"]
[WhiteFideId "34639691"]
[BlackFideId "533050767"]
[EventCountry "GER"]
[EventRounds "5"]
[EventType "team-swiss"]
[EventDate "2025.07.18"]

1. d4 {[%clk 00:55:08]} {[%emt 00:00:02]} d5 {[%clk 00:55:07]} {[%emt
00:00:04]} 2. c4 {[%clk 00:55:08]} {[%emt 00:00:05]} Nf6 {[%clk 00:54:54]}
{[%emt 00:00:17]} 3. Nf3 {[%clk 00:55:06]} {[%emt 00:00:07]} e6 {[%clk
00:54:41]} {[%emt 00:00:19]} 4. Nc3 {[%clk 00:55:04]} {[%emt 00:00:07]} b6
{[%clk 00:54:13]} {[%emt 00:00:33]} 5. e3 {[%clk 00:54:50]} {[%emt 00:00:18]}
Bb7 {[%clk 00:54:16]} {[%emt 00:00:03]} 6. Bd3 {[%clk 00:54:47]} {[%emt
00:00:08]} Bd6 {[%clk 00:53:59]} {[%emt 00:00:22]} 7. O-O {[%clk 00:53:46]}
{[%emt 00:01:06]} O-O {[%clk 00:53:51]} {[%emt 00:00:12]} 8. Re1 {[%clk
00:53:36]} {[%emt 00:00:15]} Nc6 {[%clk 00:53:40]} {[%emt 00:00:17]} 9. Qc2
{[%clk 00:53:07]} {[%emt 00:00:33]} Nb4 {[%clk 00:53:04]} {[%emt 00:00:42]} 10.
Qd2 {[%clk 00:52:00]} {[%emt 00:01:12]} Re8 {[%clk 00:52:11]} {[%emt 00:00:58]}
11. cxd5 {[%clk 00:43:49]} {[%emt 00:08:16]} exd5 {[%clk 00:51:53]} {[%emt
00:00:23]} 12. Nb5 {[%clk 00:35:05]} {[%emt 00:08:49]} Ba6 {[%clk 00:49:51]}
{[%emt 00:02:07]} 13. Nxd6 {[%clk 00:32:50]} {[%emt 00:02:19]} Nxd3 {[%clk
00:49:31]} {[%emt 00:00:25]} 14. Nxe8 {[%clk 00:32:12]} {[%emt 00:00:43]} Nxe1
{[%clk 00:49:00]} {[%emt 00:00:36]} 15. Nxf6+ {[%clk 00:32:11]} {[%emt
00:00:06]} Qxf6 {[%clk 00:48:44]} {[%emt 00:00:21]} 16. Qxe1 {[%clk 00:32:09]}
{[%emt 00:00:07]} Bc8 {[%clk 00:48:10]} {[%emt 00:00:39]} 17. Bd2 {[%clk
00:30:01]} {[%emt 00:02:14]} Qg6 {[%clk 00:47:56]} {[%emt 00:00:18]} 18. g3
{[%clk 00:27:32]} {[%emt 00:02:34]} f6 {[%clk 00:46:57]} {[%emt 00:01:05]} 19.
Rc1 {[%clk 00:25:12]} {[%emt 00:02:25]} Bg4 {[%clk 00:46:30]} {[%emt 00:00:32]}
20. Nh4 {[%clk 00:23:49]} {[%emt 00:01:28]} Qg5 {[%clk 00:46:03]} {[%emt
00:00:32]} 21. e4 {[%clk 00:23:27]} {[%emt 00:00:26]} Qh5 {[%clk 00:45:56]}
{[%emt 00:00:10]} 22. exd5 {[%clk 00:21:32]} {[%emt 00:02:02]} g5 {[%clk
00:45:45]} {[%emt 00:00:16]} 23. Ng2 {[%clk 00:21:08]} {[%emt 00:00:29]} Qh3
{[%clk 00:45:40]} {[%emt 00:00:11]} 24. Qf1 {[%clk 00:20:36]} {[%emt 00:00:36]}
Re8 {[%clk 00:44:25]} {[%emt 00:01:20]} 25. Ne3 {[%clk 00:20:29]} {[%emt
00:00:12]} Qh5 {[%clk 00:42:48]} {[%emt 00:01:43]} 26. Nxg4 {[%clk 00:20:22]}
{[%emt 00:00:12]} Qxg4 {[%clk 00:42:26]} {[%emt 00:00:26]} 27. Re1 {[%clk
00:20:11]} {[%emt 00:00:17]} Rf8 {[%clk 00:42:07]} {[%emt 00:00:24]} 28. Bc3
{[%clk 00:19:35]} {[%emt 00:00:40]} h5 {[%clk 00:41:13]} {[%emt 00:00:59]} 29.
Qg2 {[%clk 00:19:06]} {[%emt 00:00:34]} Kf7 {[%clk 00:41:00]} {[%emt 00:00:19]}
30. h3 {[%clk 00:13:31]} {[%emt 00:05:39]} Qc8 {[%clk 00:40:25]} {[%emt
00:00:40]} 31. Qe4 {[%clk 00:13:06]} {[%emt 00:00:29]} Rd8 {[%clk 00:39:45]}
{[%emt 00:00:46]} 32. Qh7+ {[%clk 00:12:21]} {[%emt 00:00:49]} Kf8 {[%clk
00:39:07]} {[%emt 00:00:44]} 33. Qe7+ {[%clk 00:11:11]} {[%emt 00:01:15]} Kg8
{[%clk 00:38:51]} {[%emt 00:00:21]} 34. Qxf6 {[%clk 00:10:51]} {[%emt
00:00:26]} Rf8 {[%clk 00:38:10]} {[%emt 00:00:46]} 35. Qxg5+ {[%clk 00:10:39]}
{[%emt 00:00:17]} Kh7 {[%clk 00:37:45]} {[%emt 00:00:29]} 36. Re7+ {[%clk
00:10:28]} {[%emt 00:00:16]} Rf7 {[%clk 00:36:47]} {[%emt 00:01:04]} 37. Rxf7+
{[%clk 00:10:28]} {[%emt 00:00:05]} Kh8 {[%clk 00:36:09]} {[%emt 00:00:42]} 38.
Qg7# {[%emt 00:00:05]} 1-0

[Event "Deutscher Mix-Teampokal U12 2025"]
[Site "Bad Homburg GER"]
[Date "2025.07.19"]
[Round "2"]
[White "Kaza, Charith"]
[Black "Rudnizki, Valentin"]
[Result "1/2-1/2"]
[Termination "normal"]
[Board "1.1"]
[WhiteElo "1769"]
[BlackElo "1545"]
[WhiteClock "00:35:03"]
[BlackClock "00:13:35"]
[WhiteTeam "SC Noris-Tarrasch Nürnberg 1873"]
[BlackTeam "Düsseldorfer SK 14/25"]
[PlyCount "52"]
[WhiteFideId "34686967"]
[BlackFideId "34673369"]
[EventCountry "GER"]
[EventRounds "5"]
[EventType "team-swiss"]
[EventDate "2025.07.18"]

1. e4 {[%clk 00:55:08]} {[%emt 00:00:01]} c5 {[%clk 00:55:02]} {[%emt
00:00:09]} 2. Nf3 {[%clk 00:55:09]} {[%emt 00:00:03]} Nc6 {[%clk 00:54:24]}
{[%emt 00:00:44]} 3. d4 {[%clk 00:55:08]} {[%emt 00:00:06]} cxd4 {[%clk
00:54:13]} {[%emt 00:00:15]} 4. Nxd4 {[%clk 00:55:11]} {[%emt 00:00:03]} e5
{[%clk 00:54:07]} {[%emt 00:00:11]} 5. Nb5 {[%clk 00:55:11]} {[%emt 00:00:05]}
d6 {[%clk 00:54:00]} {[%emt 00:00:12]} 6. N1c3 {[%clk 00:55:08]} {[%emt
00:00:07]} a6 {[%clk 00:53:54]} {[%emt 00:00:11]} 7. Na3 {[%clk 00:54:24]}
{[%emt 00:00:49]} b5 {[%clk 00:53:52]} {[%emt 00:00:08]} 8. Nd5 {[%clk
00:54:25]} {[%emt 00:00:04]} Nf6 {[%clk 00:53:38]} {[%emt 00:00:19]} 9. c4
{[%clk 00:53:29]} {[%emt 00:01:01]} b4 {[%clk 00:52:43]} {[%emt 00:01:00]} 10.
Nc2 {[%clk 00:53:31]} {[%emt 00:00:03]} Nxe4 {[%clk 00:52:22]} {[%emt
00:00:26]} 11. Qf3 {[%clk 00:52:32]} {[%emt 00:01:03]} Nc5 {[%clk 00:49:42]}
{[%emt 00:02:42]} 12. Be3 {[%clk 00:51:12]} {[%emt 00:01:28]} Bd7 {[%clk
00:47:00]} {[%emt 00:02:47]} 13. Bxc5 {[%clk 00:49:37]} {[%emt 00:01:41]} dxc5
{[%clk 00:46:56]} {[%emt 00:00:09]} 14. Bd3 {[%clk 00:49:02]} {[%emt 00:00:39]}
Be7 {[%clk 00:44:57]} {[%emt 00:02:02]} 15. Be4 {[%clk 00:48:43]} {[%emt
00:00:25]} Rc8 {[%clk 00:44:09]} {[%emt 00:00:47]} 16. O-O {[%clk 00:47:38]}
{[%emt 00:01:19]} f5 {[%clk 00:41:52]} {[%emt 00:02:21]} 17. Nxe7 {[%clk
00:43:38]} {[%emt 00:04:04]} Nxe7 {[%clk 00:36:59]} {[%emt 00:04:58]} 18. Bd5
{[%clk 00:42:27]} {[%emt 00:01:16]} e4 {[%clk 00:35:53]} {[%emt 00:01:11]} 19.
Qg3 {[%clk 00:42:17]} {[%emt 00:00:15]} Nxd5 {[%clk 00:35:13]} {[%emt
00:00:45]} 20. cxd5 {[%clk 00:41:53]} {[%emt 00:00:29]} O-O {[%clk 00:35:05]}
{[%emt 00:00:13]} 21. Qb3 {[%clk 00:40:13]} {[%emt 00:01:44]} a5 {[%clk
00:32:09]} {[%emt 00:03:03]} 22. Qe3 {[%clk 00:38:10]} {[%emt 00:02:07]} Qe7
{[%clk 00:27:33]} {[%emt 00:04:31]} 23. f3 {[%clk 00:37:51]} {[%emt 00:00:34]}
Rfe8 {[%clk 00:19:53]} {[%emt 00:07:44]} 24. Rae1 {[%clk 00:37:09]} {[%emt
00:00:48]} Bb5 {[%clk 00:19:00]} {[%emt 00:00:59]} 25. Rf2 {[%clk 00:36:06]}
{[%emt 00:01:08]} Rcd8 {[%clk 00:17:42]} {[%emt 00:01:10]} 26. Rd2 {[%clk
00:35:03]} {[%emt 00:01:20]} Bc4 {[%clk 00:13:35]} {[%emt 00:04:11]} 1/2-1/2

[Event "Deutscher Mix-Teampokal U12 2025"]
[Site "Bad Homburg GER"]
[Date "2025.07.19"]
[Round "2"]
[White "Estrin, Boris"]
[Black "Atal, Parsa"]
[Result "0-1"]
[Termination "normal"]
[Board "1.2"]
[WhiteElo "1822"]
[BlackElo "1776"]
[WhiteClock "00:42:15"]
[BlackClock "00:26:48"]
[WhiteTeam "Düsseldorfer SK 14/25"]
[BlackTeam "SC Noris-Tarrasch Nürnberg 1873"]
[PlyCount "44"]
[WhiteFideId "34649859"]
[BlackFideId "533026572"]
[EventCountry "GER"]
[EventRounds "5"]
[EventType "team-swiss"]
[EventDate "2025.07.18"]

1. e4 {[%clk 00:55:08]} {[%emt 00:00:01]} c5 {[%clk 00:54:42]} {[%emt
00:00:28]} 2. Nf3 {[%clk 00:55:00]} {[%emt 00:00:13]} Nc6 {[%clk 00:54:32]}
{[%emt 00:00:14]} 3. d4 {[%clk 00:54:58]} {[%emt 00:00:08]} cxd4 {[%clk
00:54:31]} {[%emt 00:00:05]} 4. Nxd4 {[%clk 00:54:47]} {[%emt 00:00:17]} Nf6
{[%clk 00:54:12]} {[%emt 00:00:24]} 5. Nc3 {[%clk 00:54:42]} {[%emt 00:00:10]}
g6 {[%clk 00:53:39]} {[%emt 00:00:38]} 6. Bc4 {[%clk 00:54:36]} {[%emt
00:00:11]} d6 {[%clk 00:46:49]} {[%emt 00:06:55]} 7. O-O {[%clk 00:54:11]}
{[%emt 00:00:29]} Bg7 {[%clk 00:46:06]} {[%emt 00:00:48]} 8. Be3 {[%clk
00:54:04]} {[%emt 00:00:14]} Bd7 {[%clk 00:45:23]} {[%emt 00:00:48]} 9. f4
{[%clk 00:53:38]} {[%emt 00:00:30]} O-O {[%clk 00:42:31]} {[%emt 00:02:56]} 10.
Qd2 {[%clk 00:52:44]} {[%emt 00:01:00]} Ng4 {[%clk 00:39:13]} {[%emt 00:03:23]}
11. Nxc6 {[%clk 00:52:19]} {[%emt 00:00:29]} Bxc6 {[%clk 00:38:48]} {[%emt
00:00:31]} 12. Bf2 {[%clk 00:51:33]} {[%emt 00:00:51]} Nxf2 {[%clk 00:37:17]}
{[%emt 00:01:35]} 13. Qxf2 {[%clk 00:51:18]} {[%emt 00:00:20]} Bxc3 {[%clk
00:35:16]} {[%emt 00:02:05]} 14. bxc3 {[%clk 00:51:22]} {[%emt 00:00:02]} Bxe4
{[%clk 00:35:02]} {[%emt 00:00:19]} 15. Qh4 {[%clk 00:50:40]} {[%emt 00:00:47]}
Qb6+ {[%clk 00:32:59]} {[%emt 00:02:08]} 16. Kh1 {[%clk 00:50:30]} {[%emt
00:00:15]} Qc6 {[%clk 00:32:23]} {[%emt 00:00:41]} 17. Bxf7+ {[%clk 00:48:11]}
{[%emt 00:02:24]} Rxf7 {[%clk 00:32:06]} {[%emt 00:00:22]} 18. Qg3 {[%clk
00:48:09]} {[%emt 00:00:07]} Rc8 {[%clk 00:31:17]} {[%emt 00:00:55]} 19. Rae1
{[%clk 00:47:41]} {[%emt 00:00:31]} d5 {[%clk 00:29:14]} {[%emt 00:02:08]} 20.
Re3 {[%clk 00:46:45]} {[%emt 00:01:02]} Qc4 {[%clk 00:28:40]} {[%emt 00:00:38]}
21. Rfe1 {[%clk 00:46:31]} {[%emt 00:00:20]} Rcf8 {[%clk 00:28:15]} {[%emt
00:00:32]} 22. h3 {[%clk 00:42:15]} {[%emt 00:04:19]} Rxf4 {[%clk 00:26:48]}
{[%emt 00:01:32]} 0-1